| 000 | 00764cab a2200253 4500 | ||
|---|---|---|---|
| 001 | ABS59236 | ||
| 008 | 090401t1998 xxu||||| |||| 00| 0 eng d | ||
| 035 | _a(Sirsi) u88046 | ||
| 041 | _aeng | ||
| 100 | _aLake, J, | ||
| 245 | _aNew strategy to save farm buildings | ||
| 260 | _c1998 | ||
| 350 | _a0 | ||
| 490 |
_aConservation Bulletin _v(34) July 1998, 22-23(2) |
||
| 520 | _aReports on developments in systematic listing of historic farm buildings and the English Heritage computerised database of existing listed farm buildings. | ||
| 650 | _aDATABASE | ||
| 650 | _aENGLISH HERITAGE | ||
| 650 | _aFARM BUILDINGS | ||
| 650 | _aHISTORIC BUILDINGS | ||
| 650 | _aLISTED BUILDINGS | ||
| 690 | _aRURAL PRACTICE | ||
| 942 | _n0 | ||
| 948 | _c19/08/1998 | ||
| 999 |
_c55598 _d55598 |
||